000 00594nam a2200205 i 4500
001 115455
003 ES-MaACL
005 20250825062559.0
007 t|
008 070309s1930 sp ||||1| spa d
080 _a821.133.1-23"18"
100 1 _aHugo, Victor,
_d1802-1885
_964627
245 1 0 _aHernani
_b: drama en cinco actos /
_cVĂ­ctor Hugo.
260 _aMadrid :
_bPrensa Moderna,
_c1930.
300 _a76 p. ;
_c17 cm.
490 1 _aEl Teatro moderno ;
_v284
830 0 3 _aEl teatro moderno (Prensa Moderna)
_v284
_9182365
852 _aES-MaACL
_jC-13123
999 _c115455
_d115455